[Event "GER-chT U14"]
[Site "Willingen"]
[Date "2021.06.26"]
[Round "5.3"]
[White "Gutewort, Paul Emil"]
[Black "Bergeret Busse, Julian"]
[Result "1/2-1/2"]
[WhiteElo "1689"]
[BlackElo "1466"]
[PlyCount "45"]
[EventDate "2021.06.23"]
[EventType "team-swiss"]
[EventRounds "7"]
[EventCountry "GER"]
[SourceTitle "EXT 2022"]
[Source "ChessBase"]
[SourceDate "2021.10.06"]
[SourceVersion "1"]
[SourceVersionDate "2021.10.06"]
[SourceQuality "1"]
[WhiteTeam "Berlin Nord Ost"]
[BlackTeam "Muenster 32"]
[WhiteTeamCountry "GER"]
[BlackTeamCountry "GER"]

1. c4 c5 2. g3 g6 3. Bg2 Bg7 4. Nc3 Nc6 5. d3 d6 6. Rb1 Bd7 7. a3 a5 8. Bd2 Rb8 9. Nf3 Nf6 10. 0-0 0-0 11. Nb5 Ne8 12. b4 axb4 13. axb4 Nxb4 14. Bxb4 cxb4 15. Rxb4 Nc7 16. Nxc7 Qxc7 17. Qb3 Bc6 18. Rb1 Rfc8 19. Nd2 Bxg2 20. Kxg2 Qc6+ 21. Nf3 Rc7 22. Rb6 Qd7 23. Qb5 1/2-1/2

[Event "GER-chT U14"]
[Site "Willingen"]
[Date "2021.06.24"]
[Round "1.5"]
[White "Gutewort, Paul Emil"]
[Black "Guenther, Arthur"]
[Result "1-0"]
[WhiteElo "1689"]
[BlackElo "1573"]
[PlyCount "97"]
[EventDate "2021.06.23"]
[EventType "team-swiss"]
[EventRounds "7"]
[EventCountry "GER"]
[SourceTitle "EXT 2022"]
[Source "ChessBase"]
[SourceDate "2021.10.06"]
[SourceVersion "1"]
[SourceVersionDate "2021.10.06"]
[SourceQuality "1"]
[WhiteTeam "Berlin Nord Ost"]
[BlackTeam "Weimar"]
[WhiteTeamCountry "GER"]
[BlackTeamCountry "GER"]

1. c4 e6 2. g3 d5 3. Bg2 f5 4. Nf3 Nf6 5. b3 Bd6 6. Bb2 0-0 7. 0-0 c6 8. Ne5 Bd7 9. d4 Be8 10. Nd2 Nbd7 11. a3 Rc8 12. b4 Ne4 13. Rc1 Ndf6 14. Nxe4 Nxe4 15. Qd3 Bxe5 16. dxe5 dxc4 17. Qc2 b5 18. Rcd1 Qg5 19. Bc1 Qe7 20. Bxe4 fxe4 21. Be3 Bh5 22. Bc5 Qg5 23. Bxf8 Rxf8 24. Qxe4 Rf5 25. f4 Qe7 26. Rd6 h6 27. Qxc6 Bxe2 28. Re1 Bd3 29. Rxe6 Qf7 30. Qe8+ Qf8 31. Qxb5 Kh7 32. Qe8 Rxf4 33. Qxf8 Rxf8 34. Rc6 Rf7 35. a4 Re7 36. b5 Kg8 37. a5 c3 38. Rxc3 Bxb5 39. Rc5 Bd3 40. Rec1 a6 41. Kf2 Kh7 42. Ke3 Bb5 43. Ke4 Kg6 44. Rc7 Re6 45. Kd5 Re8 46. Rc8 Rxc8 47. Rxc8 Kf7 48. Kd6 g6 49. e6+ 1-0

[Event "GER-chT U14"]
[Site "Magdeburg"]
[Date "2019.12.28"]
[Round "3.3"]
[White "Gutewort, Paul Emil"]
[Black "Gallasch, Jonas"]
[Result "0-1"]
[WhiteElo "1714"]
[BlackElo "2107"]
[PlyCount "66"]
[EventDate "2019.12.27"]
[EventType "team-swiss"]
[EventRounds "7"]
[EventCountry "GER"]
[SourceTitle "CBM 194 Extra"]
[Source "ChessBase"]
[SourceDate "2020.03.31"]
[SourceVersion "1"]
[SourceVersionDate "2020.03.31"]
[SourceQuality "1"]
[WhiteTeam "Berlin Nord Ost"]
[BlackTeam "Porz SG"]
[WhiteTeamCountry "GER"]
[BlackTeamCountry "GER"]

1. c4 Nf6 2. g3 g6 3. Bg2 Bg7 4. Nc3 d6 5. d3 0-0 6. a3 Nbd7 7. e4 e5 8. Nge2 a6 9. 0-0 b5 10. h3 Bb7 11. Qc2 c6 12. f4 Qb6+ 13. Kh2 a5 14. Nd1 a4 15. Be3 Qa6 16. Rc1 Rfe8 17. Re1 d5 18. cxd5 cxd5 19. Nf2 Rac8 20. Qb1 Qa8 21. Rxc8 Rxc8 22. fxe5 Nxe5 23. Nc3 dxe4 24. Nfxe4 Nxe4 25. dxe4 Qa5 26. Nd5 Bxd5 27. exd5 Nc4 28. Re2 Re8 29. Bd2 Qa8 30. Rxe8+ Qxe8 31. Bc1 Qe1 32. Qc2 Bd4 33. h4 Be5 0-1

[Event "GER-ch U14"]
[Site "Willingen"]
[Date "2019.06.15"]
[Round "9"]
[White "Straub, Benno"]
[Black "Gutewort, Paul Emil"]
[Result "1-0"]
[WhiteElo "1490"]
[BlackElo "1708"]
[PlyCount "59"]
[EventDate "2019.06.08"]
[EventType "swiss"]
[EventRounds "9"]
[EventCountry "GER"]
[SourceTitle "CBM 191 Extra"]
[Source "ChessBase"]
[SourceDate "2019.09.30"]
[SourceVersion "1"]
[SourceVersionDate "2019.09.30"]
[SourceQuality "1"]

1. e4 c5 2. c3 g6 3. d4 cxd4 4. cxd4 d5 5. e5 Nc6 6. Nf3 Bg7 7. Nc3 Nh6 8. Be2 Bg4 9. 0-0 Nf5 10. Ne1 Bxe2 11. Nxe2 0-0 12. Nf3 e6 13. b3 Qb6 14. Ba3 Rfd8 15. Bc5 Qa6 16. a4 Rac8 17. b4 b5 18. Nc3 bxa4 19. b5 Qa5 20. Qxa4 Qxa4 21. Nxa4 Na5 22. Bxa7 Ra8 23. Bb6 Rdb8 24. Rfb1 Nc4 25. Bc7 Rb7 26. b6 Bf8 27. Nc5 Rxa1 28. Rxa1 Bxc5 29. dxc5 Ne7 30. Ra7 1-0

[Event "GER-ch U14"]
[Site "Willingen"]
[Date "2019.06.13"]
[Round "7"]
[White "Kolmykov, Egor"]
[Black "Gutewort, Paul Emil"]
[Result "1/2-1/2"]
[WhiteElo "1592"]
[BlackElo "1708"]
[PlyCount "45"]
[EventDate "2019.06.08"]
[EventType "swiss"]
[EventRounds "9"]
[EventCountry "GER"]
[SourceTitle "CBM 191 Extra"]
[Source "ChessBase"]
[SourceDate "2019.09.30"]
[SourceVersion "1"]
[SourceVersionDate "2019.09.30"]
[SourceQuality "1"]

1. e4 g6 2. d3 Bg7 3. g3 d6 4. f4 c5 5. Bg2 Nc6 6. c3 e6 7. Nf3 Nge7 8. 0-0 0-0 9. Nbd2 b6 10. e5 Ba6 11. Nc4 Bxc4 12. dxc4 dxe5 13. Nxe5 Rc8 14. Nxc6 Nxc6 15. Qa4 Qc7 16. Rd1 Nb8 17. Be3 Rfd8 18. Rxd8+ Rxd8 19. Rd1 Rxd1+ 20. Qxd1 Bf6 21. Kf2 Kf8 22. Qf3 Ke7 23. Ke2 1/2-1/2

[Event "GER-ch U14"]
[Site "Willingen"]
[Date "2019.06.09"]
[Round "2"]
[White "Kosev, Momchil"]
[Black "Gutewort, Paul Emil"]
[Result "1/2-1/2"]
[WhiteElo "1827"]
[BlackElo "1708"]
[PlyCount "50"]
[EventDate "2019.06.08"]
[EventType "swiss"]
[EventRounds "9"]
[EventCountry "GER"]
[SourceTitle "CBM 191 Extra"]
[Source "ChessBase"]
[SourceDate "2019.09.30"]
[SourceVersion "1"]
[SourceVersionDate "2019.09.30"]
[SourceQuality "1"]

1. d4 d5 2. Bf4 Nf6 3. e3 Bf5 4. Nf3 e6 5. Ne5 Bd6 6. Be2 0-0 7. g4 Bg6 8. h4 h6 9. g5 hxg5 10. hxg5 Bxe5 11. dxe5 Nfd7 12. Bg4 Re8 13. Nd2 Nc6 14. Nf3 a6 15. Qe2 Nb4 16. Nd4 c5 17. a3 Qa5 18. Qd2 cxd4 19. Qxb4 Qxb4+ 20. axb4 dxe3 21. c3 exf2+ 22. Kxf2 f6 23. gxf6 gxf6 24. Rh6 Kf7 25. Re1 fxe5 1/2-1/2

[Event "GER-chT U12"]
[Site "Magdeburg"]
[Date "2018.12.27"]
[Round "2.1"]
[White "Phan Trong, Dai"]
[Black "Gutewort, Paul Emil"]
[Result "1-0"]
[WhiteElo "1659"]
[BlackElo "1635"]
[PlyCount "61"]
[EventDate "2018.12.27"]
[EventType "team-swiss"]
[EventRounds "7"]
[EventCountry "GER"]
[SourceTitle "CBM 188 Extra"]
[Source "ChessBase"]
[SourceDate "2019.02.26"]
[SourceVersion "1"]
[SourceVersionDate "2019.02.26"]
[SourceQuality "1"]
[WhiteTeam "Dresden Leuben"]
[BlackTeam "Berlin Nord Ost"]
[WhiteTeamCountry "GER"]
[BlackTeamCountry "GER"]

1. c4 e5 2. Nc3 d6 3. g3 g6 4. Bg2 Bg7 5. Nf3 Nc6 6. 0-0 Nge7 7. e3 Be6 8. d3 0-0 9. a3 a5 10. Rb1 f5 11. Nd2 d5 12. Nf3 dxc4 13. Ng5 Bf7 14. Nxf7 Rxf7 15. dxc4 e4 16. f3 exf3 17. Bxf3 Rf8 18. Qb3 Rb8 19. Rd1 Qc8 20. Nd5 Rd8 21. Bd2 h6 22. Bc3 Nxd5 23. Bxd5+ Kh7 24. Bxg7 Kxg7 25. Qc3+ Kh7 26. Bxc6 bxc6 27. Qf6 Rxd1+ 28. Rxd1 Qf8 29. Rd7+ Kg8 30. Qxg6+ Kh8 31. Rh7# 1-0

[Event "GER-chT U12"]
[Site "Magdeburg"]
[Date "2017.12.27"]
[Round "1.2"]
[White "Gutewort, Paul Emil"]
[Black "Thuerbach, Peter"]
[Result "1-0"]
[WhiteElo "1538"]
[BlackElo "1151"]
[PlyCount "41"]
[EventDate "2017.12.26"]
[EventType "team-swiss"]
[EventRounds "7"]
[EventCountry "GER"]
[SourceTitle "CBM 182 Extra"]
[Source "ChessBase"]
[SourceDate "2018.02.23"]
[SourceVersion "1"]
[SourceVersionDate "2018.02.23"]
[SourceQuality "1"]
[WhiteTeam "Berlin Nord Ost"]
[BlackTeam "Koeln SF"]
[WhiteTeamCountry "GER"]
[BlackTeamCountry "GER"]

1. d4 d5 2. c4 e6 3. Nc3 Nf6 4. Nf3 Be7 5. Bf4 b6 6. e3 Bb7 7. Be2 0-0 8. 0-0 Re8 9. Rc1 Nc6 10. cxd5 Nxd5 11. Nxd5 Qxd5 12. Bc4 Qd7 13. Bb5 a6 14. Ne5 Qd5 15. Bxc6 Bxc6 16. Nxc6 Bd6 17. Bxd6 Qxd6 18. Ne5 Red8 19. Rc6 Qe7 20. Qc2 Ra7 21. Rc3 1-0

[Event "GER-chT U10"]
[Site "Magdeburg"]
[Date "2016.12.27"]
[Round "2.1"]
[White "Gutewort, Paul Emil"]
[Black "Pixa, Karl"]
[Result "1-0"]
[WhiteElo "1357"]
[BlackElo "1195"]
[PlyCount "121"]
[EventDate "2016.12.27"]
[EventType "team-swiss"]
[EventRounds "7"]
[EventCountry "GER"]
[SourceTitle "EXT 2018"]
[Source "ChessBase"]
[SourceDate "2017.10.13"]
[SourceVersion "1"]
[SourceVersionDate "2017.10.13"]
[SourceQuality "1"]
[WhiteTeam "Berlin Nord Ost"]
[BlackTeam "Dresden Striesen"]
[WhiteTeamCountry "GER"]
[BlackTeamCountry "GER"]

1. e4 c5 2. Nf3 d6 3. d4 cxd4 4. Nxd4 Nc6 5. Nc3 Nf6 6. f3 g6 7. Be3 Bg7 8. Qd2 0-0 9. 0-0-0 Bd7 10. Bh6 Qa5 11. Bxg7 Kxg7 12. Be2 Rac8 13. g4 a6 14. h4 b5 15. Nb3 Qc7 16. h5 Ng8 17. hxg6 fxg6 18. f4 e6 19. f5 h6 20. fxg6 Kxg6 21. Bd3 Ne5 22. Kb1 Rf3 23. Rdg1 Nf7 24. Qe2 Ng5 25. Nd4 Rf7 26. Rh4 b4 27. Nd1 Qc5 28. Qe3 Rf3 29. Nxf3 Qxe3 30. Nxe3 Nxf3 31. Rhh1 Nxg1 32. Rxg1 e5 33. Nd5 a5 34. Nb6 Rd8 35. Nc4 Bb5 36. Nxa5 Bxd3 37. cxd3 d5 38. Nc6 Rd6 39. Nxe5+ Kf6 40. Nf3 dxe4 41. dxe4 Re6 42. Rf1 Kg6 43. e5 Ne7 44. Rc1 Nd5 45. Rc4 Kg7 46. Kc1 Rb6 47. Kd2 Kg6 48. Kd3 b3 49. a3 Kg7 50. Ke4 Ne7 51. Kd4 Kf7 52. Rc7 Ke6 53. Kc5 Ra6 54. Nd4+ Kf7 55. Nf5 Re6 56. Rxe7+ Rxe7 57. Nxe7 Kxe7 58. Kd5 Kd7 59. e6+ Ke7 60. a4 Ke8 61. a5 1-0

[Event "GER-chT U10"]
[Site "Magdeburg"]
[Date "2015.12.29"]
[Round "6.2"]
[White "Raasch, Hauke"]
[Black "Gutewort, Paul Emil"]
[Result "1/2-1/2"]
[WhiteElo "1171"]
[BlackElo "1122"]
[PlyCount "50"]
[EventDate "2015.12.27"]
[EventType "team-swiss"]
[EventRounds "7"]
[EventCountry "GER"]
[SourceTitle "EXT 2017"]
[Source "ChessBase"]
[SourceDate "2016.10.25"]
[SourceVersion "1"]
[SourceVersionDate "2016.10.25"]
[SourceQuality "1"]
[WhiteTeam "Berlin Eintracht"]
[BlackTeam "Berlin Nord Ost"]
[WhiteTeamCountry "GER"]
[BlackTeamCountry "GER"]

1. Nf3 d5 2. d4 Bg4 3. e3 e6 4. Be2 c5 5. h3 Bh5 6. c3 Nd7 7. Nbd2 c4 8. 0-0 Bd6 9. e4 Ne7 10. e5 Bc7 11. Nh2 Bg6 12. Bh5 Bf5 13. Bg4 Bd3 14. Be2 Bg6 15. Ndf3 0-0 16. Nh4 b5 17. Nxg6 Nxg6 18. f4 Ne7 19. Qe1 f5 20. Qg3 Kh8 21. Nf3 h6 22. Nh4 Qe8 23. Be3 a5 24. a3 a4 25. Kh1 Ra6 1/2-1/2

[Event "GER-chT U10"]
[Site "Magdeburg"]
[Date "2014.12.28"]
[Round "3.1"]
[White "Ho, Ngoc Hai Dang"]
[Black "Gutewort, Paul Emil"]
[Result "1/2-1/2"]
[WhiteElo "974"]
[BlackElo "1198"]
[PlyCount "106"]
[EventDate "2014.12.27"]
[EventType "team-swiss"]
[EventRounds "7"]
[EventCountry "GER"]
[SourceTitle "EXT 2016"]
[Source "ChessBase"]
[SourceDate "2015.10.08"]
[SourceVersion "1"]
[SourceVersionDate "2015.10.08"]
[SourceQuality "1"]
[WhiteTeam "Berlin Schachunion II"]
[BlackTeam "Berlin Nord Ost"]
[WhiteTeamCountry "GER"]
[BlackTeamCountry "GER"]

1. d4 d5 2. c4 e6 3. Nf3 Nf6 4. Nc3 Be7 5. Bf4 b6 6. g3 Bb7 7. Bg2 Nbd7 8. cxd5 Nxd5 9. Nxd5 Bxd5 10. 0-0 0-0 11. Re1 c5 12. e4 Bb7 13. d5 exd5 14. exd5 Re8 15. d6 Bf6 16. Qd2 c4 17. Nd4 Bxg2 18. Kxg2 a5 19. Nc6 Qc8 20. Rxe8+ Qxe8 21. Re1 Qc8 22. Ne7+ Bxe7 23. Rxe7 Qc6+ 24. Kg1 Nf6 25. d7 Rd8 26. Qe2 h6 27. h4 Rxd7 28. Rxd7 Qxd7 29. Qxc4 Qh3 30. Qf1 Qg4 31. Bc7 Qb4 32. Qa6 Nd5 33. Qa8+ Kh7 34. Qxd5 Qxb2 35. Qxf7 a4 36. Qf5+ Kg8 37. Qe6+ Kh7 38. Bxb6 a3 39. Qb3 Kg6 40. Bc5 Qc1+ 41. Kg2 Qxc5 42. Qd3+ Kf6 43. Kf1 Qc1+ 44. Ke2 Qb2+ 45. Qd2 Qe5+ 46. Qe3 Qb2+ 47. Qd2 Qb5+ 48. Kd1 Qb1+ 49. Ke2 Qb5+ 50. Kf3 Qc6+ 51. Ke2 Qe4+ 52. Kf1 Qh1+ 53. Ke2 Qe4+ 1/2-1/2